| 000 | 01057nam0a2200325 i 4500 | ||
|---|---|---|---|
| 001 | RU\NLR\BIBL_A\011009517 | ||
| 005 | 20260407070814.0 | ||
| 010 |
_a9785386078546 _93000 |
||
| 021 |
_aRU _b2016-14629 _9948 |
||
| 035 | _a(NILC)RuMoRGB-008157216 | ||
| 035 | _a(NLR Aleph) 011009517 | ||
| 090 |
_a11015111 _c11015111 |
||
| 100 | _a20160315d2016 km y0rusy50 ca | ||
| 101 | 1 |
_arus _cfre |
|
| 102 | _aRU | ||
| 105 | _ay|||z|||000ay | ||
| 200 | 1 |
_aТайна богов _fБернар Вербер _g[пер. с фр. А. Дадыкина] |
|
| 210 |
_aМосква _cРИПОЛ классик _d2016 |
||
| 215 |
_a589, [2] с. _d17 |
||
| 225 | 1 | _aБернар Вербер в твоем кармане | |
| 333 | _a16+ | ||
| 675 | _a821.133.1 | ||
| 686 | 1 | _aШ6(4Фр)67-440.4{Лх1649-50} | |
| 700 | 1 |
_7ca _8rus _aВербер _bБ. _f1961- _gБернар _3RU\NLR\AUTH\770178439 _9178388 |
|
| 801 | 0 |
_aRU _bРГБ _c20160225 _gRCR |
|
| 801 | 1 |
_aRU _bРГБ _c20160225 _2rusmarc |
|
| 942 | _cBOOK | ||
| 980 | _aNBR | ||